La reforma migratoria en Estados Unidos: algunos efectos sobre la sociedad mexicana /
Guardado en:
| Autor principal: | |
|---|---|
| Formato: | Texto |
| Etiquetas: |
Agregar Etiqueta
Sin Etiquetas, Sea el primero en etiquetar este registro!
|
MARC
| LEADER | 00000 a a2200000 04500 | ||
|---|---|---|---|
| 001 | 47743 | ||
| 003 | |||
| 040 | |||
| 100 | |a Novelo U., Federico | ||
| 245 | |a La reforma migratoria en Estados Unidos: |b algunos efectos sobre la sociedad mexicana / |c Federico Novelo U. | ||
| 773 | |g número386, (2014), páginas 3-15 : tablas, gráficos | ||
| 999 | |c 20091 |d 20091 | ||
